|
|
|
|
| LEADER |
01060nam a22003617a 4500 |
| 001 |
30524 |
| 003 |
BD-DhAAL |
| 005 |
20151118114143.0 |
| 008 |
150906s1994 bg a|||| |||| 00| 0 eng d |
| 040 |
|
|
|a BD-DhAAL
|c BD-DhAAL
|
| 082 |
|
|
|2 22
|a 307.1412095492
|
| 999 |
|
|
|c 36214
|d 36214
|
| 999 |
|
|
|c 35463
|
| 999 |
|
|
|c 35463
|
| 999 |
|
|
|c 35462
|
| 999 |
|
|
|c 35458
|
| 999 |
|
|
|c 35456
|
| 999 |
|
|
|c 35454
|
| 999 |
|
|
|c 35454
|
| 999 |
|
|
|c 35451
|
| 999 |
|
|
|c 35435
|
| 999 |
|
|
|c 35434
|
| 999 |
|
|
|c 35433
|
| 245 |
|
|
|a The present and future of research at BRAC :
|b deliberation and recommendation from a workshop
|
| 260 |
|
|
|a Dhaka :
|b BRAC,
|c 1994
|
| 300 |
|
|
|a 24 p. :
|b ill. ;
|c 28 cm.
|
| 541 |
|
|
|e 30524
|
| 610 |
|
|
|a BRAC
|9 14405
|
| 650 |
|
|
|a Rural Development
|z Bangladesh
|9 14406
|
| 710 |
|
|
|a BRAC
|9 14405
|
| 852 |
|
|
|a Ayesha Abed Library
|c BRAC Resource Section
|
| 942 |
|
|
|2 ddc
|c BK
|
| 952 |
|
|
|0 0
|1 0
|2 ddc
|4 0
|6 307_141209549200000_PRE
|7 0
|9 56947
|a BRACUL
|b BRACUL
|c BRS
|d 2015-11-18
|e BRAC
|l 0
|o 307.1412095492 PRE
|p 3010030524
|r 2015-11-18
|t 1
|w 2015-11-18
|y BK
|